[Event "Mittelfranken-chTB2b 1011"]
[Site "Germany"]
[Date "2010.12.05"]
[Round "4.4"]
[White "Fett, Helmut"]
[Black "Cipra, Lothar"]
[Result "0-1"]
[WhiteElo "1816"]
[BlackElo "1898"]
[PlyCount "86"]
[EventDate "2010.09.26"]
[EventType "team-tourn"]
[EventRounds "9"]
[EventCountry "GER"]
[SourceTitle "EXT 2012"]
[Source "ChessBase"]
[SourceDate "2011.11.24"]
[SourceVersion "1"]
[SourceVersionDate "2011.11.24"]
[SourceQuality "1"]
[WhiteTeam "Erlangen Siemens"]
[BlackTeam "Schwanstetten"]
[WhiteTeamCountry "GER"]
[BlackTeamCountry "GER"]

1. c4 Nf6 2. Nc3 e6 3. g3 d5 4. cxd5 exd5 5. d4 Be7 6. Bg2 c6 7. Nf3 0-0 8. 0-0 Nbd7 9. b3 Bd6 10. a4 Re8 11. Ba3 Bxa3 12. Rxa3 Nf8 13. e3 Ng6 14. Qc2 Bg4 15. Raa1 Qd7 16. Rac1 Bh3 17. Rfe1 Bxg2 18. Kxg2 h5 19. h4 Ne4 20. Nxe4 Rxe4 21. Ng5 Rg4 22. Rh1 Nxh4+ 23. Rxh4 Rxg5 24. f4 Rf5 25. g4 Rf6 26. g5 Rd6 27. Rch1 g6 28. Rf1 Re8 29. Rh3 Rde6 30. Qd3 Re4 31. Rfh1 Qf5 32. Qd2 Qe6 33. Kf2 a5 34. Rf3 b6 35. Rhh3 Qf5 36. Rh1 Rc8 37. Rc1 Qd7 38. Qe2 c5 39. dxc5 bxc5 40. Qa6 Qc7 41. Rd1 d4 42. exd4 cxd4 43. Rd2 Rce8 0-1

[Event "Mittelfranken-chTB2b 1011"]
[Site "Germany"]
[Date "2010.09.26"]
[Round "1.4"]
[White "Leis, Stefan"]
[Black "Fett, Helmut"]
[Result "1-0"]
[WhiteElo "1889"]
[BlackElo "1816"]
[PlyCount "123"]
[EventDate "2010.09.26"]
[EventType "team-tourn"]
[EventRounds "9"]
[EventCountry "GER"]
[SourceTitle "EXT 2012"]
[Source "ChessBase"]
[SourceDate "2011.11.24"]
[SourceVersion "1"]
[SourceVersionDate "2011.11.24"]
[SourceQuality "1"]
[WhiteTeam "Muehlhof/Schwabach"]
[BlackTeam "Erlangen Siemens"]
[WhiteTeamCountry "GER"]
[BlackTeamCountry "GER"]

1. e4 e6 2. d3 d5 3. Nd2 Nf6 4. Ngf3 c5 5. g3 Nc6 6. Bg2 Be7 7. 0-0 0-0 8. e5 Nd7 9. Re1 Rb8 10. Nf1 b5 11. h4 Re8 12. Ne3 h5 13. Bh3 Ndxe5 14. Nxe5 Nxe5 15. Qxh5 Bf6 16. Ng2 g6 17. Qe2 Nd7 18. h5 Nf8 19. Ne3 Bg7 20. hxg6 Nxg6 21. Qh5 e5 22. Bxc8 Rxc8 23. Kg2 Nf4+ 24. gxf4 exf4 25. Rh1 fxe3 26. Qh7+ Kf8 27. Bxe3 Rc6 28. Rh6 d4 29. Bf4 Qd5+ 30. Kg1 Rce6 31. Rxe6 Rxe6 32. Qh3 Qc6 33. Qg2 Rg6 34. Bg3 Qxg2+ 35. Kxg2 Be5 36. Re1 Bxg3 37. fxg3 Rc6 38. Re2 f6 39. Kf3 Kf7 40. Rh2 Kg7 41. Ke4 Rd6 42. Rh5 Re6+ 43. Kf3 Rc6 44. Rd5 a6 45. Rd7+ Kg6 46. Kf4 Re6 47. Rc7 Re5 48. g4 b4 49. a4 bxa3 50. bxa3 Kh6 51. Rc6 Kg7 52. a4 Kf7 53. Kf3 f5 54. g5 Re6 55. g6+ Rxg6 56. Rxc5 Rg1 57. Rxf5+ Ke6 58. Ra5 Rc1 59. Rxa6+ Kd5 60. Ra8 Rxc2 61. Ra5+ Ke6 62. Ke4 1-0

[Event "Mittelfranken-chTB2a 0809"]
[Site "Mittelfranken"]
[Date "2009.04.26"]
[Round "9.3"]
[White "Fett, Helmut"]
[Black "Justi, Fabian"]
[Result "1-0"]
[WhiteElo "1766"]
[BlackElo "1732"]
[PlyCount "47"]
[EventDate "2008.10.12"]
[EventType "team"]
[EventRounds "9"]
[EventCountry "GER"]
[SourceTitle "EXT 2011"]
[Source "ChessBase"]
[SourceDate "2010.11.26"]
[SourceVersion "1"]
[SourceVersionDate "2010.11.26"]
[SourceQuality "1"]
[WhiteTeam "Erlangen Siemens"]
[BlackTeam "Forchheim III"]
[WhiteTeamCountry "GER"]
[BlackTeamCountry "GER"]

1. c4 e6 2. Nc3 d5 3. e3 c6 4. b3 f5 5. Bb2 Nf6 6. f4 Nbd7 7. Nf3 Bd6 8. Be2 e5 9. fxe5 Nxe5 10. cxd5 cxd5 11. Nb5 Nxf3+ 12. Bxf3 Bb8 13. Rc1 0-0 14. Bxf6 Rxf6 15. Bxd5+ Qxd5 16. Rxc8+ Kf7 17. Qh5+ Rg6 18. Rf1 Ke7 19. Rxf5 Qe4 20. Rff8 Bg3+ 21. hxg3 Rxc8 22. Rxc8 Qb1+ 23. Ke2 Qe4 24. Qc5+ 1-0

[Event "Mittelfranken-chTB2a 0809"]
[Site "Mittelfranken"]
[Date "2009.02.08"]
[Round "6.4"]
[White "Meyer, Harald"]
[Black "Fett, Helmut"]
[Result "1/2-1/2"]
[WhiteElo "1762"]
[BlackElo "1766"]
[PlyCount "51"]
[EventDate "2008.10.12"]
[EventType "team"]
[EventRounds "9"]
[EventCountry "GER"]
[SourceTitle "EXT 2011"]
[Source "ChessBase"]
[SourceDate "2010.11.26"]
[SourceVersion "1"]
[SourceVersionDate "2010.11.26"]
[SourceQuality "1"]
[WhiteTeam "Grossenseebach II"]
[BlackTeam "Erlangen Siemens"]
[WhiteTeamCountry "GER"]
[BlackTeamCountry "GER"]

1. Nf3 Nf6 2. c4 c5 3. g3 Nc6 4. d4 cxd4 5. Nxd4 g6 6. Nc3 Bg7 7. Bg2 0-0 8. Nxc6 bxc6 9. 0-0 Qc7 10. Bd2 Rb8 11. b3 d6 12. Rc1 a6 13. e4 Ng4 14. h3 Ne5 15. Be3 f5 16. f4 Nf7 17. Kh2 e5 18. Qe1 Be6 19. Rd1 exf4 20. Bxf4 Be5 21. exf5 Bxf5 22. Bxe5 Nxe5 23. Qd2 Bd3 24. Rxf8+ Rxf8 25. Qe3 Bf5 26. Kh1 1/2-1/2

[Event "Mittelfrankenliga-B2a 0708"]
[Site "Mittelfranken"]
[Date "2008.04.27"]
[Round "9.3"]
[White "Walther, Reinhard"]
[Black "Fett, Helmut"]
[Result "0-1"]
[WhiteElo "1887"]
[BlackElo "1793"]
[PlyCount "112"]
[EventDate "2007.10.14"]
[EventType "team-tourn"]
[EventRounds "9"]
[EventCountry "GER"]
[SourceTitle "EXT 2011"]
[Source "ChessBase"]
[SourceDate "2010.11.26"]
[SourceVersion "1"]
[SourceVersionDate "2010.11.26"]
[SourceQuality "1"]
[WhiteTeam "Herzogenaurach"]
[BlackTeam "Erlangen Siemens"]
[WhiteTeamCountry "GER"]
[BlackTeamCountry "GER"]

1. d4 Nf6 2. c4 e5 3. dxe5 Ng4 4. Bf4 Nc6 5. Nf3 Bb4+ 6. Nc3 Bxc3+ 7. bxc3 Qe7 8. Qd5 f6 9. exf6 Nxf6 10. Qd3 d6 11. g3 Ne4 12. Nd4 Nc5 13. Qc2 Na5 14. Bg2 Nxc4 15. 0-0 Nb6 16. a4 a5 17. Nb5 0-0 18. Be3 Bf5 19. Qd1 Rab8 20. h4 h6 21. Bf4 Ne6 22. Bd2 Nc4 23. Be1 Nc5 24. Nd4 Be4 25. Nf3 Nb2 26. Qc1 Nbxa4 27. Ra3 Nb6 28. Qe3 Nc4 29. Qc1 Nxa3 30. Qxa3 b6 31. Bd2 Bb7 32. Be3 Nd7 33. Bh3 Bxf3 34. exf3 Rxf3 35. Qa4 Ne5 36. Qe4 Rbf8 37. Bg2 R3f7 38. Qd5 Kh8 39. f4 Ng4 40. Bd4 c5 41. Bf2 Ne3 42. Qb3 Nxf1 43. Bxf1 Qc7 44. Bd3 Re7 45. Qd5 Qd7 46. Qh5 Qe8 47. Bg6 Re1+ 48. Bxe1 Qxe1+ 49. Kg2 Qxc3 50. f5 a4 51. g4 Qd2+ 52. Kg3 Qe2 53. Bf7 c4 54. Qg6 Qe7 55. Be6 c3 56. g5 Qe8 0-1

[Event "Mittelfrankenliga-B2a 0708"]
[Site "Mittelfranken"]
[Date "2008.01.13"]
[Round "4.4"]
[White "Fett, Helmut"]
[Black "Weiss, Michael1111"]
[Result "0-1"]
[WhiteElo "1793"]
[BlackElo "1941"]
[PlyCount "58"]
[EventDate "2007.10.14"]
[EventType "team-tourn"]
[EventRounds "9"]
[EventCountry "GER"]
[SourceTitle "EXT 2011"]
[Source "ChessBase"]
[SourceDate "2010.11.26"]
[SourceVersion "1"]
[SourceVersionDate "2010.11.26"]
[SourceQuality "1"]
[WhiteTeam "Erlangen Siemens"]
[BlackTeam "Erlangen SC II"]
[WhiteTeamCountry "GER"]
[BlackTeamCountry "GER"]

1. e4 e6 2. d4 d5 3. Nc3 Bb4 4. e5 Ne7 5. a3 Bxc3+ 6. bxc3 c5 7. Nf3 Bd7 8. a4 Qa5 9. Bd2 Nbc6 10. Bb5 0-0-0 11. Qb1 f6 12. 0-0 fxe5 13. Nxe5 Nxe5 14. dxe5 Nc6 15. Qe1 Qc7 16. Bxc6 Bxc6 17. Qe3 Qe7 18. a5 a6 19. Rfb1 Rhf8 20. Rb6 d4 21. Qg3 Rf5 22. Rab1 Qd7 23. c4 Rdf8 24. Be1 h6 25. c3 Rg5 26. Rxc6+ Qxc6 27. Qh3 Rff5 28. cxd4 Qe4 29. Rd1 cxd4 0-1

[Event "Mittelfrankenliga-B2a 0708"]
[Site "Mittelfranken"]
[Date "2007.11.25"]
[Round "3.4"]
[White "Seitner, Ralf"]
[Black "Fett, Helmut"]
[Result "1/2-1/2"]
[WhiteElo "1820"]
[BlackElo "1793"]
[PlyCount "64"]
[EventDate "2007.10.14"]
[EventType "team-tourn"]
[EventRounds "9"]
[EventCountry "GER"]
[SourceTitle "EXT 2011"]
[Source "ChessBase"]
[SourceDate "2010.11.26"]
[SourceVersion "1"]
[SourceVersionDate "2010.11.26"]
[SourceQuality "1"]
[WhiteTeam "Neumarkt"]
[BlackTeam "Erlangen Siemens"]
[WhiteTeamCountry "GER"]
[BlackTeamCountry "GER"]

1. d4 d5 2. c4 e6 3. Nc3 Nf6 4. Nf3 c6 5. cxd5 exd5 6. Bg5 Be7 7. e3 h6 8. Bh4 Bf5 9. Bd3 Bxd3 10. Qxd3 Nbd7 11. 0-0 0-0 12. Rab1 Nh5 13. Bxe7 Qxe7 14. b4 Nhf6 15. b5 c5 16. dxc5 Qxc5 17. Rfd1 Nb6 18. Nd4 Rac8 19. Nce2 Qc4 20. h3 Ne4 21. f3 Nc3 22. Nxc3 Qxc3 23. Qxc3 Rxc3 24. Rb3 Rfc8 25. Kf2 Rxb3 26. Nxb3 Rc2+ 27. Rd2 Rxd2+ 28. Nxd2 Na4 29. Nb1 Kf8 30. Ke2 Ke7 31. Kd3 Kd6 32. Kd4 b6 1/2-1/2

[Event "Mittelfrankenliga-B2a 0607"]
[Site "Mittelfranken"]
[Date "2007.05.06"]
[Round "9.4"]
[White "Fett, Helmut"]
[Black "Triphan, Michael"]
[Result "1/2-1/2"]
[WhiteElo "1760"]
[BlackElo "1845"]
[PlyCount "34"]
[EventDate "2006.10.22"]
[EventType "team-tourn"]
[EventRounds "9"]
[EventCountry "GER"]
[SourceTitle "EXT 2011"]
[Source "ChessBase"]
[SourceDate "2010.11.26"]
[SourceVersion "1"]
[SourceVersionDate "2010.11.26"]
[SourceQuality "1"]
[WhiteTeam "Erlangen Siemens"]
[BlackTeam "Erlangen BSGW"]
[WhiteTeamCountry "GER"]
[BlackTeamCountry "GER"]

1. e4 Nc6 2. Nc3 e5 3. Bc4 Nf6 4. Nf3 Bc5 5. 0-0 d6 6. h3 0-0 7. d3 Na5 8. Bb3 Nxb3 9. axb3 a6 10. Qe2 Be6 11. Be3 Bxe3 12. Qxe3 c5 13. Ne2 Ne8 14. Ng5 Bd7 15. f4 f6 16. Nf3 Qe7 17. fxe5 dxe5 1/2-1/2

[Event "Mittelfrankenliga-B2a 0607"]
[Site "Mittelfranken"]
[Date "2007.03.25"]
[Round "8.5"]
[White "Fett, Helmut"]
[Black "Habermann, Manfred"]
[Result "0-1"]
[WhiteElo "1760"]
[BlackElo "1897"]
[PlyCount "100"]
[EventDate "2006.10.22"]
[EventType "team-tourn"]
[EventRounds "9"]
[EventCountry "GER"]
[SourceTitle "EXT 2011"]
[Source "ChessBase"]
[SourceDate "2010.11.26"]
[SourceVersion "1"]
[SourceVersionDate "2010.11.26"]
[SourceQuality "1"]
[WhiteTeam "Erlangen Siemens"]
[BlackTeam "Herzogenaurach"]
[WhiteTeamCountry "GER"]
[BlackTeamCountry "GER"]

1. e4 b6 2. d4 Bb7 3. Bd3 d6 4. Nf3 Nd7 5. 0-0 g6 6. Qe2 Bg7 7. Re1 e6 8. Ba6 Qc8 9. Bxb7 Qxb7 10. c3 Ne7 11. Na3 h6 12. Nc2 0-0 13. e5 Rad8 14. Bf4 d5 15. Qd2 Kh7 16. Ne3 c5 17. Nf1 Rc8 18. Rac1 Rc7 19. Rc2 Rfc8 20. Rec1 Qa6 21. a3 Qa4 22. Ne3 Nc6 23. Ng4 g5 24. Bxg5 hxg5 25. Nxg5+ Kg8 26. Qd3 Ne7 27. Nf6+ Nxf6 28. exf6 Ng6 29. fxg7 cxd4 30. Nxe6 Rc4 31. Nxd4 R4c7 32. Nf5 Nf4 33. Qg3 Ng6 34. Rd2 Qe4 35. Ne3 d4 36. Ng4 Kxg7 37. Rdc2 f5 38. f3 Qd3 39. Nf2 Qe3 40. Kf1 d3 41. Nxd3 Qxd3+ 42. Kg1 Re7 43. Qf2 Rd8 44. h3 Kf7 45. c4 Nf4 46. Qh4 Ne2+ 47. Rxe2 Rxe2 48. Qh7+ Ke8 49. Rc3 Qd4+ 50. Kh2 Qf4+ 0-1